NZ By letter -B- - Statistics

General Stats
  • This quiz has been taken 4 times
  • The average score is 7 of 9
Answer Stats
Hint Answer % Correct
Holiday home/ Beach House Bach
100%
One of the steepest streets in the world Baldwin St
100%
NZ Region including Te Puke Bay of Plenty
100%
Informal name of the Executive Wing Beehive
100%
Largest settlement in the Marlborough Blenheim
100%
Known as the southernmost town in the south island Bluff
100%
Largest Roundabout in the Southern Hemisphere Basin Reserve
50%
Town between New Plymouth and Waitara Bell Block
50%
Suburb in South Wellington Berhampore
0%
No matching quizzes found
Score Distribution
Percent of People with Each Score
Percentile by Number Answered
Your Score History
You have not taken this quiz